| 000 | 00701nam a2200217 4500 | ||
|---|---|---|---|
| 003 | OSt | ||
| 005 | 20240629012348.0 | ||
| 006 | a | ||
| 008 | 240629b |||||||| |||| 00| 0 eng d | ||
| 020 | _a9780470660157 | ||
| 040 |
_aDWCL-Main lib. _cOC |
||
| 082 | _aCirc. 658.8 M345 2011 | ||
| 245 | _aThe marketing century: how marketing drives business and shapes society: the Chartered Institute of Marketing / | ||
| 260 |
_aUK: _bJohn Wiley & Sons, Ltd., Pub., _cc2011. |
||
| 300 |
_b272 p. : ill. ; _c24 cm. |
||
| 504 | _aIncludes index. | ||
| 650 | _a1. Chartered Institute of Marketing-History. | ||
| 650 | _a2. Marketing-History. | ||
| 700 | _aJeremy Kourdi | ||
| 942 |
_2ddc _n0 _cBK-CIRC _kCirc. |
||
| 999 |
_c1622 _d1622 |
||